000 00412nam a2200169Ia 4500
008 210210b1927 xxu||||| |||| 00| 0 eng d
041 _aeng
082 _a825/618
100 _aNICOLSON (Harold)
245 _aDevelopment english biography
260 _aLondon
_bNot Mentioned
_c1927
650 _aenglish
650 _aDevelopment
650 _abiography
690 _aEnglish Criticism
906 _a014934
999 _c134164
_d134164